| 000 | 00809nam a22002535a 4500 | ||
|---|---|---|---|
| 005 | 20160320125407.0 | ||
| 008 | 160320s2007 ii a frbd 001 0 eng d | ||
| 020 | _a9788185790596 | ||
| 020 | _a8185790590 | ||
| 040 |
_aEG-ScBUE _beng _cEG-ScBUE |
||
| 082 | 0 | 4 |
_a615.190685 _bPOT _222 |
| 100 | 1 |
_aPotdar, Manohar A. _939597 |
|
| 245 | 1 | 0 |
_aPharmaceutical quality assurance / _cby Manohar A. Potdar. |
| 250 | _a2nd ed. | ||
| 260 |
_aShivajiNagar : _bNirali Prakashan, _c2007. |
||
| 300 |
_a1 v. (various pagings) : _bill. ; _c24 cm. |
||
| 500 | _aIncludes glossary. | ||
| 504 | _aIncludes bibliographical references and index. | ||
| 521 | _aFor student of pharmacy. | ||
| 650 | 0 |
_aPharmaceutical industry _xQuality control _2BUEsh _939599 |
|
| 651 | _2BUEsh | ||
| 653 |
_bPPhrm _cMarch2016 |
||
| 942 | _2ddc | ||
| 999 |
_c21451 _d21423 |
||